Dos and don't in mediation (Record no. 79065)

MARC details
000 -LEADER
fixed length control field 01237cab a22001935a 4500
001 - CONTROL NUMBER
control field L139699
008 - FIXED-LENGTH DATA ELEMENTS--GENERAL INFORMATION
fixed length control field 070806s2007 xxk f 000 0 eng d
035 ## - SYSTEM CONTROL NUMBER
System control number (Sirsi) u139699
041 0# - LANGUAGE CODE
Language code of text/sound track or separate title eng
100 1# - MAIN ENTRY--PERSONAL NAME
Personal name Wass, Douglas
245 00 - TITLE STATEMENT
Title Dos and don't in mediation
260 ## - PUBLICATION, DISTRIBUTION, ETC.
Date of publication, distribution, etc. 2007
490 ## - SERIES STATEMENT
Series statement Construction Law Review
Volume/sequential designation 2007 19-20(2)
520 ## - SUMMARY, ETC.
Summary, etc. Provides advice for considering or planning mediation. Mediation is not appropriate in all circumstances, since if unsuccessful it can add further complication. However it is usually quicker and cheaper than litigation or arbitration. It also gives parties a wider range of options, and judges can impose cost penalties on parties who unreasonably refuse an offer of mediation. The timing of mediation is considered. Choosing an appropriate mediator is key, and their expertise and personality will have a large effect on the process. Preparation is vital, as are risk assessments. Mediation remains a choice rather than a compulsory form of resolution.
590 ## - LOCAL NOTE (RLIN)
Local note KA
651 #4 - SUBJECT ADDED ENTRY--GEOGRAPHIC NAME
Geographic name United Kingdom
Chronological subdivision
690 ## - LOCAL SUBJECT ADDED ENTRY--TOPICAL TERM (OCLC, RLIN)
Topical term or geographic name as entry element MANAGEMENT-DISPUTE AVOIDANCE, MANAGEMENT AND RESOLUTION-DISPUTE MANAGEMENT AND RESOLUTION-ALTERNATIVE DISPUTE RESOLUTION-ASSISTED NEGOTIATION-MEDIATION
942 ## - ADDED ENTRY ELEMENTS (KOHA)
Suppress in OPAC 0
Holdings
Withdrawn status Lost status Source of classification or shelving scheme Damaged status Not for loan Home library Current library Shelving location Date acquired Total Checkouts Full call number Barcode Date last seen Copy number Price effective from Koha item type
    Dewey Decimal Classification     London London Journal article 06/08/2007   ONLINE PUBLICATION 139699-1001 06/08/2019 1 06/08/2019 Journal article